| 000 | 00527nam a2200193 a 4500 | ||
|---|---|---|---|
| 001 | 821 | ||
| 003 | CDMR | ||
| 005 | 20130411192204.0 | ||
| 008 | 130130s1991||||||||||||||||||||||||||||d | ||
| 020 | _a8476025335 | ||
| 040 |
_aCDMR _bcat _cCDMR |
||
| 100 | 1 |
_aCoromina i Pou, Eusebi _9626 |
|
| 245 | 1 | 3 |
_aEl 9 Nou _b: manual de redacció i estil _cEusebi Coromina |
| 260 |
_aVic _bDiputació de Barcelona |
||
| 260 |
_aVic _bPremsa d'Osona |
||
| 260 |
_c1991 _bEumo |
||
| 650 | 0 | 4 |
_93086 _aPeriodisme _xManuals d'estil |
| 942 |
_cMON _2udc |
||
| 999 |
_c821 _d821 |
||